| 000 | 00490ntaaa2200193 4500 | ||
|---|---|---|---|
| 003 | 01 | ||
| 005 | 20251027201443.0 | ||
| 008 | 0714s1973 ag 01 | ||
| 040 |
_aAR-BaBN _bspa _cAR-BaBN _eaacr _dRIC |
||
| 082 | _a226.2100 J47 | ||
| 100 |
_aJeremias, Joachim _91188 |
||
| 245 | _aPalabras de Jesús | ||
| 250 | _a1 ed. | ||
| 260 |
_aMadrid : _bEdiciones FAX, _c1970 |
||
| 300 | _a185 p. | ||
| 500 | _aEl Sermón del Monte; El Padre Nuestro. | ||
| 650 |
_aPadre Nuestro _913176 |
||
| 942 | _cBK | ||
| 999 |
_c9067 _d9067 |
||